El ojo absoluto
সংরক্ষণ করুন:
| প্রধান লেখক: | |
|---|---|
| বিন্যাস: | গ্রন্থ |
| ভাষা: | স্প্যানিশ |
| প্রকাশিত: |
Buenos Aires
Manantial
2011
|
| সংস্করন: | 1a. ed |
| বিষয়গুলি: | |
| ট্যাগগুলো: |
ট্যাগ যুক্ত করুন
কোনো ট্যাগ নেই, প্রথমজন হিসাবে ট্যাগ করুন!
|
MARC
| LEADER | 00000cam a2200000 a 4500 | ||
|---|---|---|---|
| 001 | UCF3939 | ||
| 003 | CL-VaPUC | ||
| 008 | 121108e20110000AG |||||||||||||||||spa|d | ||
| 020 | |a 9789875001558 | ||
| 082 | 0 | 4 | |a 361.2 |b WAJ |2 21 |
| 100 | 0 | |a Wajcman, Gerard |e author |9 565588 | |
| 245 | 1 | 3 | |a El ojo absoluto |
| 250 | |a 1a. ed | ||
| 300 | |a 280 p | ||
| 942 | |c BK | ||
| 945 | |d 20121108 00:00:00 |a dcastane | ||
| 260 | |a Buenos Aires |b Manantial |c 2011 | ||
| 650 | 0 | |a Seguridad ciudadana |9 392290 | |
| 650 | 0 | |a Medidas de seguridad |9 264085 | |
| 650 | 0 | |a Acción social |9 307836 | |
| 650 | 0 | |a Vigilancia |9 364238 | |
| 583 | |a last modification |c 20121108 11:12:00 |k Rodrigo Vera | ||
| 999 | |c 349975 |d 349973 | ||
| 952 | |0 0 |1 0 |4 0 |6 361_200000000000000_WAJ_2011 |7 0 |8 A |9 452877 |a BIBEDU |b BIBEDU |d 2019-11-22 |i 4922204 |o 361.2 WAJ 2011 |p 4922204 |r 2019-11-22 |w 2019-11-22 |y BK |k FIL | ||
| 952 | |0 0 |1 0 |4 0 |6 361_200000000000000_WAJ_2011 |7 0 |8 A |9 452878 |a BIBEDU |b BIBEDU |d 2019-11-22 |i 4931351 |o 361.2 WAJ 2011 |p 4931351 |r 2019-11-22 |w 2019-11-22 |y BK |k LIT | ||
| 952 | |0 0 |1 0 |4 0 |6 361_200000000000000_WAJ_2011 |7 0 |8 A |9 452879 |a BIBEDU |b BIBEDU |d 2019-11-22 |i 4991982 |o 361.2 WAJ 2011 |p 4991982 |r 2019-11-22 |w 2019-11-22 |y BK |k FIL | ||